000 00529nam a22001937a 4500
005 20131203114117.0
010 _aENG-108571
020 _a9788187358558
_c650.00
035 _aEN-92104
037 _bDBAD/PUB
082 _a330
100 _aSanyal, Amal
245 _aEconomics and its stories /
_cby Amal Sanyal
260 _aNew Delhi
_bSocial Science Press
_c2012
270 _a69, Jor Bagh
_bNew Delhi
_e110003
300 _a332p.
_c24cm(Hb)
500 _aIncludes index
942 _2ddc
_cEN
_mSAN
_h330
999 _c79768
_d79768